| 000 | 00507cam a22001574a 4500 | ||
|---|---|---|---|
| 020 | _a9781439828731 (hardcover : alk. paper) | ||
| 040 | _cDLC | ||
| 082 | 0 | 0 | _a333 TAY 2O11 A118 Or. |
| 100 | 1 | _aEccleston, Charles H. | |
| 245 | 1 | 0 |
_aEnvironmental impact assessment : _ba guide to best professional practices / |
| 260 |
_aBoca Raton : _bCRC Press, _c2011. |
||
| 300 |
_axxi, 268 p. : _bill. ; _c24 cm. |
||
| 650 | 0 | _aEnvironmental impact analysis. | |
| 650 | 0 | _aEnvironmental impact analysis | |
| 942 | _cAEDBB | ||
| 999 |
_c20747 _d20747 |
||